000 00614cam a22002293a 4500
001 15671
003 PGUSA
005 20140828083332.0
008 050420s2005||||xxu|||||s|||||000 1 eng d
040 _aPGUSA
_beng
042 _adc
050 4 _aPS
100 1 _aMacGrath, Harold,
_d1871-1932
245 1 2 _aA Splendid Hazard
_h[electronic resource] /
_cHarold MacGrath
260 _bProject Gutenberg,
_c2005
506 _aPublic domain in the USA.
516 _aElectronic text
653 _aFiction
830 0 _aProject Gutenberg
_v15671
856 4 0 _uhttp://www.gutenberg.org/ebooks/15671
942 _cEB
999 _c244926
_d244926